Capitals AND Countries That Start With B - Statistics

General Stats
  • This quiz has been taken 23,241 times
    21,026 since last reset
  • The average score is 32 of 43
Answer Stats
Answer % Correct
Country Belgium
92%
Country Bolivia
90%
Country Brazil
90%
Country Bahamas
88%
Country Barbados
88%
Country Belize
88%
Country Botswana
87%
Country Brunei
86%
Country Burundi
86%
Country Bahrain
85%
Country Bhutan
85%
Capital Brussels
85%
Country Bangladesh
84%
Country Benin
84%
Country Bosnia and Herzegovina
83%
Country Bulgaria
83%
Country Belarus
82%
Capital Brasilia
82%
Capital Berlin
80%
Country Burkina Faso
79%
Capital Budapest
76%
Capital Bogotá
75%
Capital Bucharest
75%
Capital Bratislava
73%
Capital Belmopan
72%
Capital Bern
72%
Capital Bangkok
71%
Capital Beijing
71%
Capital Belgrade
71%
Capital Baghdad
70%
Capital Baku
68%
Capital Bamako
67%
Capital Beirut
66%
Capital Buenos Aires
66%
Capital Bandar Seri Begawan
65%
Capital Bishkek
65%
Capital Bridgetown
63%
Capital Bangui
61%
Capital Banjul
60%
Capital Brazzaville
60%
Capital Basseterre
55%
Capital Bissau
52%
Capital Bloemfontein
48%
No matching quizzes found
Score Distribution
Percent of People with Each Score
Percentile by Number Answered
Your Score History
You have not taken this quiz since the last reset